LEADER 03833nam 22007332 450 001 9910457843803321 005 20160210135502.0 010 $a1-107-18079-1 010 $a1-280-91749-0 010 $a9786610917495 010 $a0-511-61904-9 010 $a0-511-29008-X 010 $a0-511-29068-3 010 $a0-511-28882-4 010 $a0-511-30197-9 010 $a0-511-28950-2 035 $a(CKB)1000000000351936 035 $a(EBL)311267 035 $a(OCoLC)476097499 035 $a(SSID)ssj0000218816 035 $a(PQKBManifestationID)11191133 035 $a(PQKBTitleCode)TC0000218816 035 $a(PQKBWorkID)10220861 035 $a(PQKB)11079092 035 $a(UkCbUP)CR9780511619045 035 $a(MiAaPQ)EBC311267 035 $a(Au-PeEL)EBL311267 035 $a(CaPaEBR)ebr10182265 035 $a(CaONFJC)MIL91749 035 $a(EXLCZ)991000000000351936 100 $a20090915d2007|||| uy| 0 101 0 $aeng 135 $aur||||||||||| 181 $ctxt$2rdacontent 182 $cc$2rdamedia 183 $acr$2rdacarrier 200 10$aPatriots, politics, and the Oklahoma City bombing /$fStuart A. Wright$b[electronic resource] 210 1$aCambridge :$cCambridge University Press,$d2007. 215 $a1 online resource (xv, 237 pages) $cdigital, PDF file(s) 225 1 $aCambridge studies in contentious politics 300 $aTitle from publisher's bibliographic system (viewed on 05 Oct 2015). 311 $a0-521-69419-1 311 $a0-521-87264-2 320 $aIncludes bibliographical references (p. 219-232) and index. 327 $aCodicil to a patriot profile -- Patriots, political process, and social movements -- The historical context of patriot insurgency -- The farm crisis, threat attribution, and patriot mobilization -- State mobilization : building a trajectory of contention -- The gun rights network and nascent patriots : rise of a threat spiral -- Movement-state attributions of war : Ruby Ridge and Waco -- Patriot insurgency and the Oklahoma City bombing -- After Oklahoma City : patriot demobilization and decline. 330 $aThis book explores social movements by analyzing an escalating spiral of tension between the Patriot movement and the state centered on the mutual framing of conflict as 'warfare'. By examining the social construction of 'warfare' as a principal script or frame defining the movement-state dynamic, Stuart A. Wright explains how this highly charged confluence of a war narrative engendered a kind of symbiosis leading to the escalation of a mutual threat that culminated in the Oklahoma City bombing. Wright offers a unique perspective on the events leading up to the bombing because he served as a consultant to Timothy McVeigh's defense team for eighteen months and draws on primary data based on face-to-face interviews with McVeigh. The book contends that McVeigh was firmly entrenched in the Patriot movement and was part of a network of 'warrior cells' that planned and implemented the bombing. 410 0$aCambridge studies in contentious politics. 517 3 $aPatriots, Politics, & the Oklahoma City Bombing 606 $aOklahoma City Federal Building Bombing, Oklahoma City, Okla., 1995 606 $aMilitia movements$zUnited States 606 $aGovernment, Resistance to$zUnited States 606 $aRadicalism$zUnited States 615 0$aOklahoma City Federal Building Bombing, Oklahoma City, Okla., 1995. 615 0$aMilitia movements 615 0$aGovernment, Resistance to 615 0$aRadicalism 676 $a322.4/20973 700 $aWright$b Stuart A.$01042004 801 0$bUkCbUP 801 1$bUkCbUP 906 $aBOOK 912 $a9910457843803321 996 $aPatriots, politics, and the Oklahoma City bombing$92465912 997 $aUNINA LEADER 04538nam 22006735 450 001 9910254832303321 005 20251116182944.0 010 $a3-319-64373-8 024 7 $a10.1007/978-3-319-64373-1 035 $a(CKB)3710000001631414 035 $a(MiAaPQ)EBC4981665 035 $a(DE-He213)978-3-319-64373-1 035 $a(PPN)203851773 035 $a(EXLCZ)993710000001631414 100 $a20170821d2017 u| 0 101 0 $aeng 135 $aurcnu|||||||| 181 $2rdacontent 182 $2rdamedia 183 $2rdacarrier 200 10$aBrain-Computer Interface Research $eA State-of-the-Art Summary 6 /$fedited by Christoph Guger, Brendan Allison, Mikhail Lebedev 205 $a1st ed. 2017. 210 1$aCham :$cSpringer International Publishing :$cImprint: Springer,$d2017. 215 $a1 online resource (134 pages) $cillustrations (some color), photographs 225 1 $aSpringerBriefs in Electrical and Computer Engineering,$x2191-8112 311 08$a3-319-64372-X 320 $aIncludes bibliographical references at the end of each chapters. 327 $aIntroduction (C. Guger et al.) -- Advances in BCI: A Neural Bypass Technology to Reconnect the Brain to the Body (G. Sharma et al.) --  Re(con)volution: Accurate Response Prediction for Broad-Band Evoked Potential-Based BCIs (J. Thielen et al.) -- Intracortical Microstimulation as a Feedback Source for BCI Users (S. Flesher et al.) -- A Minimally Invasive Endovascular Stent-Electrode Array for Chronic Recordings of Cortical Neural Activity (T. J. Oxley et al.) --  Visual Cue-Guided Rat Cyborg (Y. Wang et al.) -- Predicting Motor Intentions with Closed-Loop BCIs (M. Schultze-Kraft et al.) -- Sixteen Commands and 40 Hz Carrier Frequency Code-Modulated Visual Evoked Potential BCI (D. Aminaka et al.) -- Precise and Reliable Activation of Cortex with Micro-Coils (S. Woo Lee et al.) -- Towards Online Functional Brain Mapping and Monitoring During Awake Craniotomy Surgery Using ECoG-Based Brain-Surgeon Interface (BSI) (L. Yao et al.). 330 $aThis book presents compact and informative descriptions of the most promising new projects in brain-computer interface (BCI) research. As in earlier volumes in this series, the contributions come from many of the best-known groups in BCI research. Each of these chapters provides an overview of a project that was nominated for the most prestigious award in the BCI community: the Annual BCI Research Award. The book also contains an introduction and discussion with a review of major trends reflected in the awards. This volume also introduces a new type of contribution, namely a chapter"Trends in BCI Research" that summarizes a top trend in the BCI research community. This year's "Trends in BCI Research" addresses BCI technology to help patients with disorders of consciousness (DOC) and related conditions, including new work that goes beyond communication to diagnosis and even prediction. 410 0$aSpringerBriefs in Electrical and Computer Engineering,$x2191-8112 606 $aUser interfaces (Computer systems) 606 $aNeurosciences 606 $aMedical physics 606 $aRadiation 606 $aComputational intelligence 606 $aUser Interfaces and Human Computer Interaction$3https://scigraph.springernature.com/ontologies/product-market-codes/I18067 606 $aNeurosciences$3https://scigraph.springernature.com/ontologies/product-market-codes/B18006 606 $aMedical and Radiation Physics$3https://scigraph.springernature.com/ontologies/product-market-codes/P27060 606 $aComputational Intelligence$3https://scigraph.springernature.com/ontologies/product-market-codes/T11014 615 0$aUser interfaces (Computer systems) 615 0$aNeurosciences. 615 0$aMedical physics. 615 0$aRadiation. 615 0$aComputational intelligence. 615 14$aUser Interfaces and Human Computer Interaction. 615 24$aNeurosciences. 615 24$aMedical and Radiation Physics. 615 24$aComputational Intelligence. 676 $a610.28 702 $aGuger$b Christoph$4edt$4http://id.loc.gov/vocabulary/relators/edt 702 $aAllison$b Brendan Z.$4edt$4http://id.loc.gov/vocabulary/relators/edt 702 $aLebedev$b Mikhail$4edt$4http://id.loc.gov/vocabulary/relators/edt 801 0$bMiAaPQ 801 1$bMiAaPQ 801 2$bMiAaPQ 906 $aBOOK 912 $a9910254832303321 996 $aBrain-Computer Interface Research$92088076 997 $aUNINA